00489 a2200169 4500001000700000040003500007100002100042240003700063245003200100300000800132362000900140440002000149697001700169942000700186952010700193999001900300153991 cEscola São Tomás de Aquino aGARDNER, Horward10aA Criança Pre´- Escolar:lpor10aA Criança Pre´- Escolar: a2570 a1994 1aArtes Médicas aEducação cBK 00104070a12.22b12.22d2024-04-30l0o370 GAR CRIpEST00008051r2024-04-30 22:11:37w2024-04-30yBK c153991d153991